|
|
|
|
| LEADER |
00000nam a2200000 a 4500 |
| 001 |
UCN1899 |
| 003 |
CL-VaPUC |
| 008 |
010504e20010000MX |||||||||||||||||spa|d |
| 020 |
|
|
|a 9682462967
|
| 082 |
0 |
4 |
|a 370.15
|b VEL
|2 21
|
| 100 |
0 |
|
|a Velhagen de Molina, Maggy
|e author
|9 554620
|
| 700 |
0 |
|
|a Calderón González, Eréndira
|e author
|9 554621
|
| 700 |
0 |
|
|a Flores de Martín del Campo, Else
|e author
|9 554622
|
| 700 |
0 |
|
|a Guzmán de Espejo, Carmen
|e author
|9 554623
|
| 700 |
0 |
|
|a López de Galindo, Virginia
|e author
|9 554624
|
| 245 |
1 |
0 |
|a Desdi 4: Programa de Desarrollo Emocional y Social Dirigido, primaria
|
| 250 |
|
|
|a 1a. ed
|
| 300 |
|
|
|a 101 p
|
| 942 |
|
|
|c BK
|
| 945 |
|
|
|d 20010504 00:00:00
|a cmena
|
| 260 |
|
|
|a Ciudad de México
|b Trillas
|c 2001
|
| 500 |
|
|
|a Complementario con Desdi 4: guía del maestro
|
| 650 |
|
0 |
|a Cognición
|9 270347
|
| 650 |
|
0 |
|a Psicología educacional
|9 307830
|
| 650 |
|
0 |
|a Métodos de enseñanza
|9 270413
|
| 650 |
|
0 |
|a Actividades educativas
|9 308316
|
| 650 |
|
0 |
|a Interacción social
|9 307764
|
| 650 |
|
0 |
|a Sociología de la educación
|9 260380
|
| 650 |
|
0 |
|a Desarrollo emocional
|9 313058
|
| 650 |
|
0 |
|a Educación básica
|9 224933
|
| 583 |
|
|
|a last modification
|c 20010504 00:00:00
|k Rodrigo Vera
|
| 999 |
|
|
|c 343647
|d 343645
|
| 952 |
|
|
|0 0
|1 0
|4 0
|6 370_150000000000000_VEL_2001
|7 0
|8 A
|9 441116
|a BIBEDU
|b BIBEDU
|d 2019-11-22
|i 371747K
|o 370.15 VEL 2001
|p 371747K
|r 2019-11-22
|w 2019-11-22
|y BK
|k EPE
|